[Event "NVM U16 2015"]
[Site "Kiel"]
[Date "2015.09.11"]
[Round "4.1"]
[White "Rätzke von Stoyentin, Steffen"]
[Black "Hartge, Gedeon"]
[Result "1/2-1/2"]
[WhiteElo "1983"]
[BlackElo "1967"]
[PlyCount "125"]
[EventDate "2015.??.??"]
[WhiteTeam "SC Aurich"]
[BlackTeam "USV Volksbank Halle"]

1. d4 Nf6 2. c4 c5 3. d5 b5 4. Nf3 Bb7 5. Qc2 bxc4 6. e4 e6 7. Bxc4 exd5 8.
exd5 Be7 9. Nc3 O-O 10. O-O d6 11. Bf4 Nbd7 12. Rad1 Nb6 13. b3 Qd7 14. h3 Nxc4
15. bxc4 Rfe8 16. Rb1 Ba6 17. Nd2 Bf8 18. a4 Bc8 19. Rbe1 Rxe1 20. Rxe1 Rb8 21.
Nb3 Rb4 22. Na5 Qc7 23. Nc6 Rxc4 24. Nb5 Rxc2 25. Nxc7 Rc4 26. Bg5 Bd7 27. Bxf6
gxf6 28. a5 Ra4 29. a6 c4 30. Nxa7 Bh6 31. Nab5 Bxb5 32. Nxb5 Rxa6 33. Re4 Rb6
34. Nc3 Rb4 35. Na2 Ra4 36. Nc3 Ra1+ 37. Kh2 Bd2 38. Rxc4 Bxc3 39. Rxc3 Rd1 40.
Rf3 Rxd5 41. Rxf6 Kg7 42. Rf4 Rd3 43. Rf5 Kg6 44. g4 d5 45. h4 d4 46. h5+ Kg7
47. Kg2 h6 48. f3 Ra3 49. Rd5 Rd3 50. Kf2 Rd2+ 51. Ke1 Rd3 52. Ke2 Re3+ 53. Kf2
Rd3 54. Kg3 Kf6 55. Rd6+ Kg7 56. Kf4 Kh7 57. Rf6 Kg7 58. Rf5 Re3 59. Kg3 Rd3
60. Kf2 Rd2+ 61. Ke1 Rd3 62. Ke2 Re3+ 63. Kf2 1/2-1/2

[Event "NVM U16 2015"]
[Site "Kiel"]
[Date "2015.09.11"]
[Round "4.2"]
[White "Gröbel, Aaron"]
[Black "Neumann, Tiemon"]
[Result "1-0"]
[WhiteElo "1843"]
[BlackElo "1720"]
[PlyCount "53"]
[EventDate "2015.??.??"]
[WhiteTeam "USV Volksbank Halle"]
[BlackTeam "SC Aurich"]

1. e4 c5 2. Nf3 Nc6 3. d4 cxd4 4. Nxd4 e5 5. Nf3 Nf6 6. Bg5 Qa5+ 7. Bd2 Qb6 8.
Nc3 Bc5 9. Na4 Bxf2+ 10. Ke2 Qb5+ 11. c4 Qxc4+ 12. Kxf2 Qxe4 13. h3 O-O 14. Nc3
Qf5 15. g4 Ne4+ 16. Kg2 Qg6 17. Nh4 Nxc3 18. Bxc3 Qe4+ 19. Nf3 Nb4 20. Qd6 Nc2
21. Bd3 Ne3+ 22. Kf2 Qf4 23. Bxe5 Qa4 24. Kxe3 Re8 25. Kf2 b6 26. Qd4 Qa5 27.
Be4 1-0

[Event "NVM U16 2015"]
[Site "Kiel"]
[Date "2015.09.11"]
[Round "4.3"]
[White "Henning, Yannick"]
[Black "Perekhozhuk, Maksym"]
[Result "1-0"]
[WhiteElo "1562"]
[BlackElo "1783"]
[PlyCount "71"]
[EventDate "2015.??.??"]
[WhiteTeam "SC Aurich"]
[BlackTeam "USV Volksbank Halle"]

1. d4 Nf6 2. Nf3 c5 3. d5 e6 4. Nc3 d6 5. h3 exd5 6. Nxd5 Nxd5 7. Qxd5 Nc6 8.
e4 Be7 9. Be2 Be6 10. Qd1 O-O 11. O-O Qb6 12. Nd2 Nd4 13. Bc4 Rad8 14. Bd5 Qc7
15. c3 Nc6 16. f4 Bf6 17. Nf3 Ne7 18. Ng5 Bxd5 19. exd5 c4 20. Qc2 Bxg5 21.
fxg5 Qc5+ 22. Kh1 Qxd5 23. Be3 Ng6 24. Rad1 Qe5 25. Qd2 a6 26. Bd4 Qa5 27. b3
d5 28. Qf2 Rde8 29. Bc5 Ne7 30. Rde1 Qc7 31. Qe3 Ng6 32. Qxe8 Qxc5 33. Qd7 cxb3
34. axb3 Qxc3 35. Re8 Qc5 36. Qxf7+ 1-0

[Event "NVM U16 2015"]
[Site "Kiel"]
[Date "2015.09.11"]
[Round "4.4"]
[White "Kretzschmar, Arnd"]
[Black "Rajendram, Reanosh"]
[Result "1-0"]
[WhiteElo "1881"]
[BlackElo "1423"]
[PlyCount "101"]
[EventDate "2015.??.??"]
[WhiteTeam "USV Volksbank Halle"]
[BlackTeam "SC Aurich"]

1. d4 Nf6 2. c4 g6 3. f3 Bg7 4. e4 d6 5. Nc3 O-O 6. Nge2 e5 7. Be3 Nc6 8. d5
Ne7 9. g4 c6 10. Qd2 cxd5 11. cxd5 Bd7 12. Ng3 a6 13. h4 b5 14. h5 Bxg4 15.
fxg4 Nxg4 16. Bg5 h6 17. Bh3 f6 18. Bxg4 fxg5 19. Be6+ Kh8 20. hxg6 Nxg6 21.
Nf5 Qf6 22. Qh2 Nh4 23. Ke2 Qg6 24. Nxh4 Qh5+ 25. Kd2 gxh4 26. Qxh4 Qf3 27.
Rag1 Qf4+ 28. Qxf4 exf4 29. Bf5 Rae8 30. Rg6 f3 31. Rf1 b4 32. Nd1 Rf6 33. Rxf6
Bxf6 34. Rxf3 Re7 35. Be6 Kg7 36. Ne3 Bg5 37. Kd3 Bxe3 38. Rxe3 Kg6 39. Rg3+
Kh5 40. Kc4 a5 41. Kb5 Kh4 42. Rg4+ Kh5 43. Kc6 a4 44. Kxd6 Rb7 45. Ke5 b3 46.
a3 Rb5 47. Kf5 Rxd5+ 48. Kf6 Re5 49. Rg1 Rxe4 50. Kf5 Rxe6 51. Rh1# 1-0

[Event "NVM U16 2015"]
[Site "Kiel"]
[Date "2015.09.11"]
[Round "4.1"]
[White "Böhning, Kilian"]
[Black "Rieper, Julian"]
[Result "1/2-1/2"]
[WhiteElo "2016"]
[BlackElo "1976"]
[PlyCount "98"]
[EventDate "2015.??.??"]
[WhiteTeam "Hagener SV"]
[BlackTeam "SK Doppelbauer Kiel"]

1. d4 Nf6 2. g4 d5 3. g5 Ne4 4. Nc3 Nxc3 5. bxc3 Nd7 6. Bg2 c6 7. h4 Qc7 8. f4
h6 9. g6 fxg6 10. Qd3 Qd6 11. e4 Nb6 12. e5 Qe6 13. h5 gxh5 14. Bh3 Qf7 15. f5
e6 16. fxe6 Bxe6 17. Bxe6 Qxe6 18. Ne2 Qg4 19. Nf4 Be7 20. Ng6 Rg8 21. Be3 Nc4
22. Bf4 Nb2 23. Qg3 b5 24. O-O Qxg3+ 25. Bxg3 Nc4 26. e6 Bf6 27. Rf2 a5 28. Be5
Ra7 29. Re1 a4 30. Ree2 Re7 31. Bxf6 gxf6 32. Rxf6 Reg7 33. Rg2 Ne3 34. e7 Rxe7
35. Rgf2 Reg7 36. Re6+ Kd7 37. Rff6 Nf5 38. Kf2 Ne7 39. Ne5+ Kc7 40. Ke3 h4 41.
Nxc6 Nxc6 42. Rxc6+ Kb7 43. Rb6+ Kc7 44. Rxb5 Re7+ 45. Kf4 Re4+ 46. Kf3 Rg3+
47. Kf2 Rxc3 48. Rxd5 Rxc2+ 49. Kf3 Rce2 1/2-1/2

[Event "NVM U16 2015"]
[Site "Kiel"]
[Date "2015.09.11"]
[Round "4.2"]
[White "Karlisch, Moritz"]
[Black "Balazs, Balint"]
[Result "1-0"]
[WhiteElo "1767"]
[BlackElo "1894"]
[PlyCount "79"]
[EventDate "2015.??.??"]
[WhiteTeam "SK Doppelbauer Kiel"]
[BlackTeam "Hagener SV"]

1. d4 d5 2. c4 e6 3. Nc3 f5 4. Nf3 c6 5. e3 Nf6 6. Bd3 Bd6 7. O-O O-O 8. b3 Ne4
9. Bb2 Nd7 10. Qc2 g5 11. Ne2 Qf6 12. Ng3 Rf7 13. cxd5 exd5 14. a3 h5 15. Nd2
h4 16. Ngxe4 fxe4 17. Be2 Qe6 18. h3 Nf6 19. f3 exf3 20. Rxf3 Nh5 21. Rxf7 Qxf7
22. Rf1 Qe8 23. Bxh5 Qxh5 24. e4 Bf4 25. exd5 cxd5 26. Nf3 Be6 27. Ne5 Rc8 28.
Qd3 Rf8 29. Bc1 Bf5 30. Qb5 Be4 31. Bxf4 gxf4 32. Qd7 Qg5 33. Ng4 Qg7 34. Qxg7+
Kxg7 35. Rc1 f3 36. Rc7+ Kg6 37. Ne5+ Kg5 38. gxf3 Bxf3 39. Rg7+ Kf4 40. Ng6+
1-0

[Event "NVM U16 2015"]
[Site "Kiel"]
[Date "2015.09.11"]
[Round "4.3"]
[White "Laubrock, Paul"]
[Black "Behringer, Tom"]
[Result "0-1"]
[WhiteElo "1866"]
[BlackElo "1628"]
[PlyCount "100"]
[EventDate "2015.??.??"]
[WhiteTeam "Hagener SV"]
[BlackTeam "SK Doppelbauer Kiel"]

1. e4 e6 2. d4 d5 3. exd5 exd5 4. Bd3 Bd6 5. Nc3 Nf6 6. Nge2 O-O 7. Bg5 c6 8.
Qd2 Be6 9. f3 Nbd7 10. O-O-O b5 11. g4 Qa5 12. Bf4 Bxf4 13. Nxf4 b4 14. Nb1 c5
15. dxc5 Nxc5 16. a3 Rfc8 17. Bc4 dxc4 18. axb4 Nb3+ 19. cxb3 cxb3+ 20. Qc3
Rxc3+ 21. bxc3 Qg5 22. Rd4 Rc8 23. Kb2 Qe5 24. Rhd1 h6 25. Na3 g5 26. Nxe6 Qxe6
27. R1d2 Qc6 28. R4d3 Nd5 29. Kxb3 Nxc3 30. Rd8+ Rxd8 31. Rxd8+ Kg7 32. Rd3
Qa4+ 33. Kxc3 Qxa3+ 34. Kc4 Qa2+ 35. Kb5 Qxh2 36. Ra3 Qb8+ 37. Kc5 Qb6+ 38. Kc4
a6 39. Ra5 Kf6 40. Rf5+ Ke6 41. Ra5 Qc6+ 42. Kd4 Qd6+ 43. Kc3 Kd7 44. Rf5 f6
45. Ra5 Kc7 46. Kc4 Qf4+ 47. Kc5 Qd6+ 48. Kc4 Kb6 49. Rf5 Qe6+ 50. Rd5 Kc6 0-1

[Event "NVM U16 2015"]
[Site "Kiel"]
[Date "2015.09.11"]
[Round "4.4"]
[White "Arndt, Magnus"]
[Black "Hoppe, Andreas"]
[Result "0-1"]
[WhiteElo "1744"]
[BlackElo "1847"]
[PlyCount "52"]
[EventDate "2015.??.??"]
[WhiteTeam "SK Doppelbauer Kiel"]
[BlackTeam "Hagener SV"]

1. e4 e6 2. d4 d5 3. Nc3 Bb4 4. e5 c5 5. a3 cxd4 6. axb4 dxc3 7. bxc3 Qc7 8.
Nf3 Ne7 9. Bd3 Ng6 10. O-O Nc6 11. Re1 Bd7 12. Be3 O-O 13. Ng5 Ncxe5 14. Qh5 h6
15. Nxf7 Rxf7 16. Bxg6 Nxg6 17. Qxg6 Qxc3 18. Bxh6 Raf8 19. Be3 d4 20. Bh6 Kh8
21. Bg5 Rxf2 22. h4 Rxg2+ 23. Kxg2 Qf3+ 24. Kh2 Qf2+ 25. Kh1 Bc6+ 26. Re4 Qf3+
0-1

[Event "NVM U16 2015"]
[Site "Kiel"]
[Date "2015.09.11"]
[Round "4.1"]
[White "Greßmann, Moritz"]
[Black "Scheinhütte, Jakob"]
[Result "1/2-1/2"]
[WhiteElo "2085"]
[BlackElo "1884"]
[PlyCount "139"]
[EventDate "2015.??.??"]
[WhiteTeam "BSV 63 Chemie Weißensee"]
[BlackTeam "SV Empor Berlin e.V."]

1. e4 e6 2. d4 d5 3. e5 c5 4. c3 Nc6 5. Nf3 Nge7 6. Bd3 Nf5 7. Bxf5 exf5 8. O-O
c4 9. b3 Be6 10. Qe2 Be7 11. Nfd2 b5 12. a4 a6 13. Bb2 Kd7 14. Rd1 Na5 15. axb5
axb5 16. Na3 Bxa3 17. Bxa3 Qc7 18. Bd6 Qc6 19. bxc4 bxc4 20. Bb4 Nb7 21. Nf1 g6
22. Qd2 h5 23. Qg5 Rhe8 24. Rxa8 Rxa8 25. Qe7+ Kc8 26. Qf8+ Nd8 27. Be7 Qb6 28.
Nd2 Ra2 29. h4 Qa5 30. Bb4 Qa4 31. Rb1 Rxd2 32. Be7 Rd1+ 33. Rxd1 Qxd1+ 34. Kh2
Qa4 35. Qxd8+ Kb7 36. Bd6 Qd7 37. Qb8+ Kc6 38. Qb4 Qa7 39. Bb8 Qb6 40. Qa4+ Kb7
41. Bd6 Qb3 42. Qa1 Qb5 43. Bc5 Qa6 44. Qb2+ Kc6 45. Qb4 Qb5 46. Qa3 Qb7 47.
Be7 Qb5 48. Bd8 Kb7 49. Qe7+ Qd7 50. Qb4+ Kc8 51. Be7 Qc6 52. Qa5 Kb8 53. Bd6+
Kb7 54. Bc5 Kc8 55. Bb6 Kb7 56. Qa7+ Kc8 57. Ba5 Qb7 58. Qc5+ Kb8 59. Bb6 Qc8
60. Ba7+ Kb7 61. Qb6+ Ka8 62. Qa5 Qc6 63. Bc5+ Kb7 64. Qa7+ Kc8 65. Bd6 Qb7 66.
Qa5 Qc6 67. Be7 Kb7 68. Ba3 Qb6 69. Qa4 Qb3 70. Qb4+ 1/2-1/2

[Event "NVM U16 2015"]
[Site "Kiel"]
[Date "2015.09.11"]
[Round "4.2"]
[White "Feyer, Leon"]
[Black "Fanin, Erik"]
[Result "1/2-1/2"]
[WhiteElo "1729"]
[BlackElo "1733"]
[PlyCount "143"]
[EventDate "2015.??.??"]
[WhiteTeam "SV Empor Berlin e.V."]
[BlackTeam "BSV 63 Chemie Weißensee"]

1. f4 d5 2. Nf3 g6 3. e3 Bg7 4. d4 Nf6 5. Bd3 c5 6. c3 c4 7. Bc2 Nc6 8. O-O O-O
9. Nbd2 Ng4 10. Qe2 f5 11. h3 Nf6 12. b3 b5 13. a4 Qa5 14. b4 Qa6 15. a5 Nd8
16. g3 Ne4 17. Nxe4 fxe4 18. Nd2 Bxh3 19. Rf2 Qe6 20. Bd1 h5 21. Rh2 Nf7 22.
Qe1 Nh6 23. Nf1 Bg4 24. Bxg4 Nxg4 25. Rh1 Kf7 26. Nh2 Rh8 27. Nxg4 Qxg4 28. Rh4
Qf5 29. Ra2 Bf6 30. Rh1 Qg4 31. Rg2 Rag8 32. Qe2 Qxe2 33. Rxe2 Ke6 34. Rg2 g5
35. Rhh2 Rh7 36. Bd2 Rhg7 37. f5+ Kxf5 38. Rxh5 Rg6 39. g4+ Ke6 40. Rgh2 Rf8
41. Rh6 Rxh6 42. Rxh6 Kf7 43. Kg2 Kg7 44. Rh1 e5 45. Rc1 exd4 46. cxd4 Bd8 47.
Rf1 Rh8 48. Be1 Be7 49. Rf5 Rc8 50. Rxd5 c3 51. Rxb5 c2 52. Bd2 c1=Q 53. Bxc1
Rxc1 54. Re5 Bxb4 55. Rxg5+ Kf6 56. Rf5+ Kg6 57. Re5 Ra1 58. Rxe4 Bxa5 59. Re5
Kf6 60. Kf3 Bb6 61. Ke4 a5 62. g5+ Kf7 63. Rf5+ Kg7 64. Rf6 Bd8 65. Ra6 Bxg5
66. Kd3 Ra3+ 67. Kc4 Bxe3 68. d5 Ra1 69. d6 Bg5 70. d7 Rd1 71. Rxa5 Bd8 72. Rd5
1/2-1/2

[Event "NVM U16 2015"]
[Site "Kiel"]
[Date "2015.09.11"]
[Round "4.3"]
[White "Fege, Julian"]
[Black "Denkert, Anna"]
[Result "0-1"]
[WhiteElo "1595"]
[BlackElo "1690"]
[PlyCount "72"]
[EventDate "2015.??.??"]
[WhiteTeam "BSV 63 Chemie Weißensee"]
[BlackTeam "SV Empor Berlin e.V."]

1. e4 c6 2. d4 d5 3. Nc3 dxe4 4. Nxe4 Bf5 5. Ng3 Bg6 6. Nf3 Nd7 7. Bd3 Bxd3 8.
Qxd3 e6 9. Bf4 Qa5+ 10. Bd2 Bb4 11. c3 Be7 12. O-O Ngf6 13. Rfe1 Qc7 14. Rad1
Rd8 15. Qc2 O-O 16. Bc1 Rfe8 17. Kh1 c5 18. Ne4 Nxe4 19. Rxe4 Nf6 20. Ree1 cxd4
21. Nxd4 Bc5 22. Be3 Ng4 23. Nf3 Rxd1 24. Rxd1 Bxe3 25. fxe3 Nxe3 26. Qe2 Nxd1
27. Qxd1 Rd8 28. Qe2 Qd6 29. Kg1 Qd1+ 30. Kf2 Qxe2+ 31. Kxe2 f6 32. Nd4 Kf7 33.
Nb5 a6 34. Nd4 e5 35. Nf3 e4 36. Nd4 Rxd4 0-1

[Event "NVM U16 2015"]
[Site "Kiel"]
[Date "2015.09.11"]
[Round "4.4"]
[White "Nelk, Gabor"]
[Black "Schmidt, Florian Pascal"]
[Result "1-0"]
[WhiteElo "1517"]
[BlackElo "1261"]
[PlyCount "85"]
[EventDate "2015.??.??"]
[WhiteTeam "SV Empor Berlin e.V."]
[BlackTeam "BSV 63 Chemie Weißensee"]

1. c4 e5 2. Nc3 Nc6 3. Nf3 g6 4. g3 Bg7 5. d3 f5 6. Bg5 Nf6 7. Nd5 O-O 8. Bg2
h6 9. Bxf6 Bxf6 10. Nxf6+ Rxf6 11. Qd2 Kg7 12. O-O-O d6 13. d4 Qg8 14. Qc3 e4
15. Nd2 Bd7 16. f3 exf3 17. exf3 Re8 18. Rhe1 Nd8 19. f4 b6 20. d5 Nb7 21. Re3
Rxe3 22. Qxe3 Rf7 23. Re1 a5 24. Nb3 Nc5 25. Nxc5 bxc5 26. Qc3+ Kh7 27. Qxa5
Qb8 28. Re3 Qd8 29. Qe1 g5 30. Bf3 g4 31. Bd1 Kg6 32. Bc2 Qf6 33. Qc3 Qd8 34.
a4 Re7 35. a5 Rxe3 36. Qxe3 c6 37. dxc6 Bxc6 38. Qe6+ Kg7 39. Bxf5 Qxa5 40.
Qe7+ Kg8 41. Be6+ Kh8 42. Qf8+ Kh7 43. Qg8# 1-0

[Event "NVM U16 2015"]
[Site "Kiel"]
[Date "2015.09.11"]
[Round "4.1"]
[White "Schnabel, Bennett"]
[Black "Speck, Jakob"]
[Result "1-0"]
[WhiteElo "2034"]
[BlackElo "1701"]
[PlyCount "121"]
[EventDate "2015.??.??"]
[WhiteTeam "SV Mattnetz Berlin e.V."]
[BlackTeam "SK Weisse Dame Hamburg"]

1. e4 c5 2. c3 d5 3. exd5 Qxd5 4. d4 cxd4 5. cxd4 Nc6 6. Nf3 e5 7. Nc3 Bb4 8.
Bd2 Bxc3 9. Bxc3 e4 10. Ne5 Nxe5 11. dxe5 Ne7 12. Be2 O-O 13. O-O Bf5 14. Qa4
Rfd8 15. Rfd1 Qc6 16. Rxd8+ Rxd8 17. Qxa7 Ng6 18. Qa5 Rd5 19. Qa8+ Qc8 20.
Qxc8+ Bxc8 21. Rd1 Be6 22. Rxd5 Bxd5 23. a4 Kf8 24. a5 Ke7 25. Kf1 Ke6 26. Bg4+
Ke7 27. Bb4+ Kd8 28. Bd6 Nf4 29. g3 Nd3 30. b4 Bc4 31. Kg1 g6 32. h4 h5 33. Bh3
Ne1 34. Kh1 Nd3 35. Kg1 Ne1 36. Bb8 Nd3 37. Bf1 Ba6 38. Bd6 Kd7 39. Bg2 f5 40.
Bf1 Ke6 41. Be2 Kd5 42. Bd1 Nxe5 43. Bxe5 Kxe5 44. Ba4 Bc4 45. Be8 Kf6 46. Bd7
Ke5 47. Bc8 Ba6 48. b5 Bxb5 49. Bxb7 f4 50. a6 Bxa6 51. Bxa6 e3 52. fxe3 fxe3
53. Kg2 Kf5 54. Kf3 g5 55. hxg5 Kxg5 56. Bf1 Kf5 57. Bh3+ Kg5 58. Kxe3 h4 59.
g4 Kf6 60. Kf4 Kg6 61. Bg2 1-0

[Event "NVM U16 2015"]
[Site "Kiel"]
[Date "2015.09.11"]
[Round "4.2"]
[White "Lam, Daniel"]
[Black "Hesse, Henrik"]
[Result "1/2-1/2"]
[WhiteElo "1562"]
[BlackElo "1903"]
[PlyCount "140"]
[EventDate "2015.??.??"]
[WhiteTeam "SK Weisse Dame Hamburg"]
[BlackTeam "SV Mattnetz Berlin e.V."]

1. e4 e5 2. Nf3 Nf6 3. Nxe5 d6 4. Nf3 Nxe4 5. Qe2 Qe7 6. d3 Nf6 7. Bg5 Be6 8.
Nc3 h6 9. Bh4 g5 10. Bg3 Nh5 11. O-O-O Nxg3 12. hxg3 Bg7 13. d4 d5 14. Ne5 Nd7
15. Nxd7 Qxd7 16. Qd2 O-O-O 17. Bb5 c6 18. Be2 Qd6 19. Na4 b6 20. Nc3 Bf5 21.
Bd3 Qg6 22. g4 Bxd3 23. Qxd3 Qxd3 24. Rxd3 Rde8 25. Kd2 Re7 26. Ne2 Rd7 27. Ng3
c5 28. Nf5 Bxd4 29. Nxd4 cxd4 30. Rxd4 Kd8 31. Rh3 Ke7 32. Re3+ Kf6 33. Red3
Rhd8 34. c4 Ke6 35. Re3+ Kf6 36. Red3 Ke6 37. Re3+ Kf6 38. Red3 Ke5 39. Ke3 Rd6
40. cxd5 Rxd5 41. Re4+ Kf6 42. Rxd5 Rxd5 43. Rc4 Re5+ 44. Kd3 Rd5+ 45. Ke3 Ra5
46. a3 Rb5 47. b4 a5 48. bxa5 Rxa5 49. a4 b5 50. axb5 Rxb5 51. Rc6+ Kg7 52. Rd6
Re5+ 53. Kd3 Re1 54. Rc6 f6 55. Rc7+ Kg6 56. Rc8 h5 57. gxh5+ Kxh5 58. Kd2 Re5
59. Rc3 f5 60. Rh3+ Kg6 61. Rd3 f4 62. g4 fxg3 63. Rxg3 Kf5 64. Rf3+ Kg4 65.
Rg3+ Kf4 66. Kd3 Ra5 67. Ke2 Ra2+ 68. Kf1 g4 69. Kg2 Ra7 70. Rb3 Ra6 1/2-1/2

[Event "NVM U16 2015"]
[Site "Kiel"]
[Date "2015.09.11"]
[Round "4.3"]
[White "Acikel, Mert"]
[Black "Popist, Florian"]
[Result "1/2-1/2"]
[WhiteElo "1807"]
[BlackElo "1601"]
[PlyCount "82"]
[EventDate "2015.??.??"]
[WhiteTeam "SV Mattnetz Berlin e.V."]
[BlackTeam "SK Weisse Dame Hamburg"]

1. e4 c5 2. Nf3 e6 3. d4 cxd4 4. Nxd4 a6 5. Nc3 Qc7 6. Be2 Nc6 7. O-O Nf6 8.
Be3 Be7 9. f4 d6 10. Kh1 O-O 11. Qe1 Bd7 12. Rd1 Nxd4 13. Bxd4 Bc6 14. Bf3 e5
15. Be3 exf4 16. Bxf4 Rad8 17. Qg3 Rfe8 18. e5 dxe5 19. Bxe5 Qc8 20. Nd5 Bxd5
21. Bxd5 Qxc2 22. Rc1 Qg6 23. Qxg6 hxg6 24. Bxb7 Ng4 25. Bc3 Bg5 26. Rce1 Rxe1
27. Rxe1 Bd2 28. Bxd2 Rxd2 29. Bxa6 Rxb2 30. h3 Rxa2 31. Bc4 Ra4 32. Bxf7+ Kxf7
33. hxg4 Rxg4 34. Rf1+ Kg8 35. Kh2 Kh7 36. Kh3 Rg5 37. g3 Rf5 38. Rf4 Rxf4 39.
gxf4 Kg8 40. Kg4 Kf7 41. Kg5 Kf8 1/2-1/2

[Event "NVM U16 2015"]
[Site "Kiel"]
[Date "2015.09.11"]
[Round "4.4"]
[White "Schramm, David"]
[Black "Klodt, Daniel"]
[Result "0-1"]
[WhiteElo "1244"]
[BlackElo "1639"]
[PlyCount "72"]
[EventDate "2015.??.??"]
[WhiteTeam "SK Weisse Dame Hamburg"]
[BlackTeam "SV Mattnetz Berlin e.V."]

1. d4 d5 2. c4 e6 3. Nc3 Nf6 4. Bg5 Nbd7 5. Nf3 c6 6. e3 Bd6 7. Bd3 h6 8. Bxf6
Nxf6 9. O-O O-O 10. a3 Re8 11. Re1 dxc4 12. Bxc4 Qc7 13. e4 e5 14. d5 cxd5 15.
Nxd5 Nxd5 16. Bxd5 Be6 17. Rc1 Qb6 18. Re2 Bxd5 19. Qxd5 Rad8 20. Qa2 Bc5 21.
b4 Bd4 22. Rd2 Rd6 23. Nxd4 Rxd4 24. Rxd4 exd4 25. Qc2 Qe6 26. f3 f5 27. Re1
Qd6 28. Qc4+ Kh8 29. Rd1 Rd8 30. exf5 Qe5 31. Qd3 Kg8 32. Qe4 Qc7 33. Rxd4 Qc1+
34. Kf2 Qb2+ 35. Kg3 Qxd4 36. Qe6+ Kh8 0-1

[Event "NVM U16 2015"]
[Site "Kiel"]
[Date "2015.09.11"]
[Round "4.1"]
[White "Schumacher, Ole"]
[Black "Killgus, Leonard"]
[Result "1-0"]
[WhiteElo "1673"]
[BlackElo "1889"]
[PlyCount "103"]
[EventDate "2015.??.??"]
[WhiteTeam "SF Schwerin"]
[BlackTeam "SK Johanneum Eppendorf"]

1. e4 c5 2. Nf3 e6 3. d4 cxd4 4. Nxd4 a6 5. Bd3 Nf6 6. O-O d6 7. c4 b6 8. Nc3
Bb7 9. Qe2 g6 10. Bg5 Bg7 11. Nf3 Nbd7 12. Rac1 O-O 13. Qd2 Ne5 14. Nxe5 dxe5
15. Rfd1 Rc8 16. b3 Qc7 17. Qc2 Nd7 18. Bf1 Nb8 19. Qd3 Nc6 20. Qd6 Nd4 21.
Qxc7 Rxc7 22. f3 Rfc8 23. Na4 Rc6 24. Kf2 Bf8 25. Bf6 Bg7 26. Bg5 h5 27. c5 f6
28. Nxb6 fxg5 29. Nxc8 Rxc8 30. b4 Bf8 31. Rc3 a5 32. bxa5 Ra8 33. c6 Bxc6 34.
Rxd4 exd4 35. Rxc6 Rxa5 36. Bc4 Rc5 37. Bxe6+ Kg7 38. Rxc5 Bxc5 39. Ke2 Kf6 40.
Bc4 Bd6 41. Kd3 Ke5 42. Bf7 h4 43. Bxg6 h3 44. g3 Kf6 45. Bf5 Bxg3 46. Bxh3
Bxh2 47. Kxd4 Bc7 48. a4 Ba5 49. Kd5 Bc3 50. Kc4 Bd2 51. Kb5 Ke7 52. a5 1-0

[Event "NVM U16 2015"]
[Site "Kiel"]
[Date "2015.09.11"]
[Round "4.2"]
[White "Keyser, Robin"]
[Black "Focke, Adrian"]
[Result "1-0"]
[WhiteElo "1722"]
[BlackElo "1643"]
[PlyCount "115"]
[EventDate "2015.??.??"]
[WhiteTeam "SK Johanneum Eppendorf"]
[BlackTeam "SF Schwerin"]

1. d4 d5 2. c4 e6 3. Nf3 Nf6 4. g3 Nbd7 5. Qc2 c5 6. cxd5 Nxd5 7. a3 cxd4 8.
Nxd4 N7f6 9. Nf3 Bd6 10. Bg2 Qc7 11. Qxc7 Bxc7 12. O-O O-O 13. b3 Bd7 14. Bb2
Rac8 15. Nbd2 Bb5 16. Nd4 Ba6 17. b4 e5 18. b5 exd4 19. bxa6 bxa6 20. Bxd4 Bb6
21. Nf3 Ne4 22. Rfc1 Nec3 23. Rc2 Rc4 24. Bxb6 axb6 25. Ne5 Rc7 26. e4 Nf6 27.
Kf1 Rfc8 28. Rac1 Kf8 29. Bh3 Re8 30. Rxc3 Rxc3 31. Rxc3 Rxe5 32. f3 Rb5 33.
Kg1 Rb1+ 34. Kf2 Rb2+ 35. Ke3 Rxh2 36. Bf1 a5 37. Bb5 Rb2 38. a4 Rg2 39. g4 Rg1
40. Kf2 Rd1 41. e5 Nd7 42. Rc8+ Ke7 43. f4 f6 44. Ke2 Rd4 45. Ke3 Rd1 46. Rg8
fxe5 47. Rxg7+ Kd8 48. Rxd7+ Rxd7 49. Bxd7 Kxd7 50. fxe5 Ke7 51. Kd4 Ke6 52. g5
Ke7 53. Kc4 Ke6 54. Kd4 Ke7 55. Kd5 Kd7 56. e6+ Ke7 57. Kc6 Kxe6 58. Kxb6 1-0

[Event "NVM U16 2015"]
[Site "Kiel"]
[Date "2015.09.11"]
[Round "4.3"]
[White "Stuppe, Hannes"]
[Black "Keyser, Philipp"]
[Result "0-1"]
[WhiteElo "1415"]
[BlackElo "1795"]
[PlyCount "82"]
[EventDate "2015.??.??"]
[WhiteTeam "SF Schwerin"]
[BlackTeam "SK Johanneum Eppendorf"]

1. e4 c5 2. Nf3 d6 3. d4 cxd4 4. Nxd4 Nf6 5. Nc3 a6 6. Bd3 e6 7. O-O b5 8. Be3
Nbd7 9. Qd2 Bb7 10. a3 Qc7 11. f4 Nc5 12. Rae1 Ncxe4 13. Bxe4 Nxe4 14. Nxe4
Bxe4 15. Bf2 d5 16. Bg3 Bc5 17. c3 O-O 18. Kh1 Qb6 19. b4 Bxd4 20. cxd4 Rac8
21. Rc1 Rc4 22. Rxc4 dxc4 23. Bf2 Qc6 24. Be3 c3 25. Qf2 Rc8 26. Bc1 Qd5 27.
Rd1 c2 28. Rd2 Rc3 29. Re2 Rd3 30. Rd2 Qb3 31. Qe1 h6 32. Qe2 Re3 33. Qf2 Rc3
34. h3 Rxh3+ 35. Kg1 Rd3 36. Qe2 Rxd2 37. Qxd2 Qd3 38. Kf2 Qxd2+ 39. Bxd2 Kf8
40. g3 Ke7 41. Be3 Kd6 0-1

[Event "NVM U16 2015"]
[Site "Kiel"]
[Date "2015.09.11"]
[Round "4.4"]
[White "Lattke, Lorin"]
[Black "Kummer, Birte"]
[Result "1/2-1/2"]
[WhiteElo "1125"]
[BlackElo "1422"]
[PlyCount "53"]
[EventDate "2015.??.??"]
[WhiteTeam "SK Johanneum Eppendorf"]
[BlackTeam "SF Schwerin"]

1. e4 e5 2. Nf3 d6 3. d4 exd4 4. Qxd4 Nc6 5. Bb5 Bd7 6. Bxc6 Bxc6 7. Nc3 Nf6 8.
Bf4 Nd7 9. O-O-O Qf6 10. e5 dxe5 11. Bxe5 Nxe5 12. Nxe5 Rg8 13. Rhe1 Be7 14.
Ne4 Qf4+ 15. Kb1 Qh6 16. Nxc6 Qxc6 17. Ng5 h6 18. Qe5 Qf6 19. Nf3 Qxe5 20. Rxe5
Kf8 21. Red5 Bd6 22. Ne5 Rd8 23. Nc4 Ke7 24. Re1+ Kf6 25. Nxd6 Rxd6 26. Rxd6+
cxd6 27. c3 1/2-1/2

[Event "NVM U16 2015"]
[Site "Kiel"]
[Date "2015.09.11"]
[Round "4.1"]
[White "Kiesel, Lucas"]
[Black "Uksini, Bardhyl"]
[Result "0-1"]
[WhiteElo "1735"]
[BlackElo "2218"]
[PlyCount "86"]
[EventDate "2015.??.??"]
[WhiteTeam "SV Laatzen"]
[BlackTeam "Hamburger SK von 1830 eV"]

1. Nf3 Nf6 2. g3 b6 3. Bg2 Bb7 4. O-O g6 5. d3 Bg7 6. e4 d6 7. Nc3 O-O 8. h3 c5
9. Be3 Nc6 10. Qd2 d5 11. exd5 Nxd5 12. Nxd5 Qxd5 13. Nd4 Qd7 14. Nxc6 Bxc6 15.
Bxc6 Qxc6 16. c3 Rfd8 17. Rfd1 Rd7 18. Bh6 Qe6 19. Bxg7 Kxg7 20. Kh2 Rad8 21.
Qc2 Qf5 22. Rd2 Rxd3 23. Rad1 Rxd2 24. Rxd2 Qxc2 25. Rxc2 f5 26. Kg2 e5 27. Kf3
e4+ 28. Ke2 Rd3 29. b4 c4 30. Ke1 Kf6 31. Kf1 Ke5 32. Kg2 g5 33. Kg1 h5 34. Kg2
f4 35. g4 f3+ 36. Kg3 h4+ 37. Kh2 Kf4 38. Kg1 Rd1+ 39. Kh2 e3 40. fxe3+ Kxe3
41. a4 Rd2+ 42. Rxd2 Kxd2 43. Kg1 Ke2 0-1

[Event "NVM U16 2015"]
[Site "Kiel"]
[Date "2015.09.11"]
[Round "4.2"]
[White "Rogozenco, Teodora"]
[Black "Korb, Ruben"]
[Result "1-0"]
[WhiteElo "2057"]
[BlackElo "1656"]
[PlyCount "47"]
[EventDate "2015.??.??"]
[WhiteTeam "Hamburger SK von 1830 eV"]
[BlackTeam "SV Laatzen"]

1. d4 d5 2. c4 e6 3. Nc3 Nf6 4. cxd5 Nxd5 5. e4 Nxc3 6. bxc3 e5 7. a3 exd4 8.
cxd4 Nc6 9. Bb2 f6 10. Bc4 Qe7 11. Qe2 Bd7 12. Nf3 O-O-O 13. O-O Bg4 14. Rab1
Nxd4 15. Bxd4 Rxd4 16. Ba6 Qxa3 17. Rxb7 Kd8 18. Rxa7 Bxf3 19. gxf3 g6 20. Rb1
Rb4 21. Rd1+ Ke7 22. Rxc7+ Ke6 23. Bc8+ Ke5 24. f4+ 1-0

[Event "NVM U16 2015"]
[Site "Kiel"]
[Date "2015.09.11"]
[Round "4.3"]
[White "Wehrhahn, Duncan"]
[Black "Foo, Tzun Hong"]
[Result "0-1"]
[WhiteElo "1269"]
[BlackElo "1594"]
[PlyCount "50"]
[EventDate "2015.??.??"]
[WhiteTeam "SV Laatzen"]
[BlackTeam "Hamburger SK von 1830 eV"]

1. e4 c5 2. Nf3 Nc6 3. d4 cxd4 4. Nxd4 e5 5. Nb5 d6 6. N1c3 a6 7. Na3 b5 8. Nd5
Nge7 9. c4 b4 10. Nc2 a5 11. Be3 Nxd5 12. cxd5 Ne7 13. Bb5+ Bd7 14. Qe2 Ng6 15.
O-O Be7 16. Rac1 O-O 17. Na1 f5 18. Bxd7 Qxd7 19. f3 f4 20. Bb6 Bd8 21. Qf2 Qb5
22. Bxd8 Rfxd8 23. Rc6 Ne7 24. Rc7 Re8 25. Qh4 Qb6+ 0-1

[Event "NVM U16 2015"]
[Site "Kiel"]
[Date "2015.09.11"]
[Round "4.4"]
[White "Odzini, Kerim"]
[Black "Scholz, Tom"]
[Result "1/2-1/2"]
[WhiteElo "1440"]
[BlackElo "1150"]
[PlyCount "80"]
[EventDate "2015.??.??"]
[WhiteTeam "Hamburger SK von 1830 eV"]
[BlackTeam "SV Laatzen"]

1. e4 e5 2. Nf3 Nc6 3. Bc4 Bc5 4. c3 d6 5. d4 Bb6 6. dxe5 dxe5 7. Qxd8+ Kxd8 8.
Bxf7 Nf6 9. Bg5 Rf8 10. Bxf6+ gxf6 11. Bd5 Bg4 12. Nbd2 Ke7 13. h3 Bh5 14. g4
Bg6 15. Nc4 Rab8 16. Nxb6 axb6 17. O-O-O Ke8 18. Rd2 Ne7 19. Nh4 Nxd5 20. Nxg6
hxg6 21. Rxd5 Ke7 22. Rhd1 Rfd8 23. Rxd8 Rxd8 24. Rxd8 Kxd8 25. Kd2 Kd7 26. Ke3
Ke6 27. f4 exf4+ 28. Kxf4 g5+ 29. Kf3 Ke5 30. Ke3 b5 31. a3 b6 32. b3 c6 33. b4
Ke6 34. Kd4 Kd6 35. c4 c5+ 36. Kc3 cxb4+ 37. axb4 bxc4 38. Kxc4 Kc6 39. b5+ Kd6
40. Kd4 Ke6 1/2-1/2